The Game Awards - nagroda gra roku - Statystyki

Ogólne statystyki
  • Ten quiz został rozwiązany 12 razy
  • Średni wynik to 8 z 12
Statystyki odpowiedzi
Hint Odpowiedź % Poprawnych
2025 Clair Obscur: Expedition 33
100%
2024 Astro Bot
75%
2018 God of War
75%
2020 The Last of Us Part II
75%
2015 Wiedźmin 3: Dziki Gon
75%
2023 Baldur’s Gate III
63%
2014 Dragon Age: Inkwizycja
63%
2019 Sekiro: Shadows Die Twice
63%
2021 It Takes Two
50%
2016 Overwatch
50%
2022 Elden Ring
38%
2017 The Legend of Zelda: Breath of the Wild
38%
Nie znaleziono quizów pasujących do podanych kryteriów
Rozkład punktacji
Procent ludzi z każdym wynikiem
Percentyl według liczby udzielonych odpowiedzi
Twoja historia wyników
Nie rozwiązałeś tego quizu